000
00280nam a22001217a 4500
008
170721b xxu||||| |||| 00| 0 eng d
041
_a
eng
080
_2
3RD
_a
004
100
_a
28
101
_a
SHKI
245
_a
FUNDAMENTALS OF COBOL PROGRAMMING
_c
FEINGOLD, C
942
_2
udc
_c
BK
999
_c
21695
_d
21695